| 000 | 00844nam a2200253#a 4500 | ||
|---|---|---|---|
| 001 | 01174 | ||
| 003 | HDC | ||
| 007 | ta | ||
| 008 | 230623s2009 xx 000 0 eng d | ||
| 020 | _a97898320255 (pbk.). | ||
| 040 | _aHDC | ||
| 050 |
_aHC 445.5 _b .C33 2009 C21 |
||
| 245 | 0 | _aCase book on transformation, innovation and partnership. | |
| 264 |
_aPetaling Jaya, Selangor : _bMalaysia Productivity Corporation, _c2009. |
||
| 300 |
_a196p. : _b ill. ; _c 25cm + _e 1 computer laser optical disc (4 3/4 in.). |
||
| 650 |
_aEconomic development projects _z Malaysi _xEvaluation. |
||
| 650 |
_aManpower policy _zMalaysia _xCase studies. |
||
| 650 |
_aTechnological innovations _z Malaysia _x Case studies. |
||
| 700 | _aMalaysia Productivity Corporation | ||
| 942 | _2lcc | ||
| 942 | _cBK | ||
| 942 | _kHC 445.5 | ||
| 942 | _m .C33 2009 C21 | ||
| 999 |
_c22745 _d22745 |
||